LDR 00987naa#a2200169#i#450# 001 RU\FGKOU VO SPBU MVD ROSSII\bibl\106761 005 20260428184701.2 011 ## _a2713-0622 100 ## _a20260428b2026####ek#y0rusy0150####ca 102 ## _aRU 200 1# _aЦенность и практика интеграции традиционной китайской семейной культуры в процессе воспитания коллектива сотрудников правоохранительных органов _eЖурнальная статья 210 1# _aСанкт-Петербург _cСАНКТ-ПЕТЕРБУРГСКИЙ УНИВЕРСИТЕТ МИНИСТЕРСТВА ВНУТРЕННИХ ДЕЛ РОССИЙСКОЙ ФЕДЕРАЦИИ _d2026 215 ## _a10 с. 608 ## _aЖурнальная статья _2local 675 ## _aНравственно-религиозные идеалы. 37.017.93 _z 700 #1 _aСюэмэй _gШи 856 4# _arussianjournaldeviantbehavior.ru _u